| 000 | 00863nam a2200253 a 4500 | ||
|---|---|---|---|
| 001 | 51668 | ||
| 003 | Bd-RjUL | ||
| 005 | 20211209075709.0 | ||
| 008 | 160901m19801969ii a 001 0 eng | ||
| 020 |
_a0852260296 _c: TK. 29.75 |
||
| 035 | _a(BD-RjUL)51788 | ||
| 040 |
_aDLC _cDLC _dm/c _dBd-RjUL _beng |
||
| 041 | _aeng | ||
| 082 |
_223 _a515.14 _bAPC 1980 |
||
| 100 |
_aApostol, Tom M. _9153653 |
||
| 245 | 1 | 0 |
_aCalculus / _cTom M. Apostol. |
| 250 | _a2nd ed. | ||
| 260 |
_aNew Delhi : _bWiley eastern Limited, _cc1980. |
||
| 300 |
_a-v- _bill ; _c24 cm. |
||
| 500 | _aIncludes index | ||
| 505 | 0 | _aVol.1-- one-variable calculus, with an introduction to linear algebra. V.2---multi-variable calculus and linear algebra, with applications to differential equations and probability. | |
| 650 | 0 |
_aMathematical analysis _vCalculus _9154458 |
|
| 942 |
_2ddc _cBK |
||
| 999 |
_c51668 _d51668 |
||